Estudio de prefactibilidad técnica y económica para la producción de salsa de tomate a partir de pasta de tomate

Uloženo v:
Podrobná bibliografie
Hlavní autor: Quesada Vargas, Sergio
Médium: Kniha
Vydáno: San José, C.R., 2006
Témata:
Tagy: Přidat tag
Žádné tagy, Buďte první, kdo vytvoří štítek k tomuto záznamu!

MARC

LEADER 00000nam a2200000Ia 4500
003 009824
005 20221231144137.0
008 140114s2006 cr a m 000 ||s d
040 |c cru CEDI  
090 |a TFG 5348 
100 |a Quesada Vargas, Sergio  |9 5081 
245 |a Estudio de prefactibilidad técnica y económica para la producción de salsa de tomate a partir de pasta de tomate  
260 |c 2006  |a  San José, C.R., 
300 |a  ix, 56 hojas : ilustraciones a color  
500 |a  Proyecto de graduación (licenciatura en ingeniería química)--Universidad de Costa Rica, Facultad de Ingeniería Química 
650 |x PRODUCTOS DEL TOMATE   |x  INVESTIGACIONES   |x SALSA DE TOMATE   |x  INDUSTRIA Y COMERCIO   |x ECONOMIA INDUSTRIAL  |9 5082 
942 |c TFG 
999 |c 17528  |d 17528